Kompaktné dosky MAX

Bibliographic Details
Format: Article
Language:Slovak

MARC

LEADER 00000nab a2200000uu 4500
001 vtls011110965
003 SK-MaSNL
005 20260225205600.0
008 230222|2002 xo |||||||||||||||||slo|
015 |a SNBRB 
035 |a (uuid)2f98878f-15e4-4af6-a949-2fd40a09f118 
035 |a (urnnbn)urn:nbn:sk:snk:ar-a08erw 
035 |a urn:nbn:sk:snk-ab9hg0 
040 |a SNKBUCL  |b slo  |c SNKBUCL  |e AACR2 
041 0 |a slo 
044 |a xo  |c SK 
245 0 0 |a Kompaktné dosky MAX 
773 0 |t Stolársky magazín : odborný časopis na podporu drevárskej a nábytkárskej výroby  |g Roč. 3, č. 10 (2002), s. 26-27 
954 |a odborná, vedecká literatúra pôvodná (slovenská)  |2 lita 
958 |a OND 
958 |a EUIPO 
958 |a article13 
999 |c 2010533  |d 2012463